The baffled parent's guide to coaching youth hockey (Бичлэгийн дугаар. 145099)
| 000 -УДИРДЛАГА | |
|---|---|
| Удирдлага | 01424nam a22004577a 4500 |
| 003 - ХЯНАЛТЫН ТОО ТОДОРХОЙЛОГЧ | |
| Код | MN-UlNUM |
| 005 - БИЧИЛТ ХИЙСЭН ОГНОО | |
| Тухайн бичилтийг бичсэн засварласан сүүлийн огноо | 20251029131234.0 |
| 008 - ЕРӨНХИЙ МЭДЭЭЛЭЛ | |
| Ерөнхий мэдээлэл | 251029s2005 meua 001 0 eng |
| 020 ## - ISBN | |
| ISBN | 0071430113 |
| -- | 0071430111 |
| 040 ## - БИЧЛЭГ ҮҮСГЭГЧ БАЙГУУЛЛАГА | |
| Бичлэг үүсгэгч номын сангийн код | МУИС-ийн номын сан |
| 084 ## - ББК АНГИЛАЛ | |
| Нэмэлт тусгалт | Нэг сэдэвт бүтээл |
| ББК ангилал | 75.579 |
| Зохиогчийн гурван тэмдэгт | D 81 |
| Мэдлэгийн ялгаа | 75 - Биеийн тамир, спорт |
| 100 ## - ЗОХИОГЧ | |
| Зохиогчийн нэр | Driver, Bruce |
| 100 ## - ЗОХИОГЧ | |
| Зохиогчийн нэр | Wharton, Clare |
| 240 ## - Шифр - Номын наалт, тайланд хэрэглэх | |
| Ангилалын дугаар /Зохиогчийн 3 тэмдэгт | 75.579 D 81 |
| 245 ## - ҮНДСЭН ГАРЧИГ | |
| Номын нэр | The baffled parent's guide to coaching youth hockey |
| 246 ## - ЗЭРЭГЦЭЭ ГАРЧИГ | |
| Зэрэгцээ гарчиг | Coaching youth hockey |
| 260 ## - ГАРАЛТЫН МЭДЭЭ | |
| Хэвлэгдсэн газар | Camden, Me |
| Хэвлэлийн газар | Ragged Mountain Press |
| Хэвлэгдсэн он | 2005 |
| 300 ## - МАТЕРИАЛЫН ТОДОРХОЙЛОЛТ | |
| хуудасны тоо | x, 230 p. : |
| Бусад тоон мэдээлэл | ill. ; |
| Хэмжээ | 24 cm |
| 500 ## - Тайлбар | |
| Дансны дугаар | БС 3261 |
| 505 ## - Агуулгын тэмдэглэгээ | |
| Агуулгын тэмдэглэгээ | This is a great book that touches on the most important parts of the game: sportsmanship, discipline, and most importantly, fun. |
| 546 ## - ХЭЛНИЙ ТУХАЙ МЭДЭЭ | |
| Хэл | Англи хэл дээр, |
| 653 ## - Түлхүүр үг | |
| Түлхүүр үг | hockey for children |
| 653 ## - Түлхүүр үг | |
| Түлхүүр үг | coaching |
| 740 ## - НОМЫН ГАРЧИГ | |
| Гарчиг | Creating an atmosphere of good habits |
| 740 ## - НОМЫН ГАРЧИГ | |
| Гарчиг | Before hitting the ice |
| 740 ## - НОМЫН ГАРЧИГ | |
| Гарчиг | Setting up the season |
| 740 ## - НОМЫН ГАРЧИГ | |
| Гарчиг | Essential skills and how to teach them |
| 740 ## - НОМЫН ГАРЧИГ | |
| Гарчиг | Goaltending |
| 740 ## - НОМЫН ГАРЧИГ | |
| Гарчиг | Offense and defense |
| 740 ## - НОМЫН ГАРЧИГ | |
| Гарчиг | The practice |
| 740 ## - НОМЫН ГАРЧИГ | |
| Гарчиг | Sample practices |
| 740 ## - НОМЫН ГАРЧИГ | |
| Гарчиг | The game |
| 740 ## - НОМЫН ГАРЧИГ | |
| Гарчиг | Dealing with parents and gender issues |
| 740 ## - НОМЫН ГАРЧИГ | |
| Гарчиг | Fundamental drills |
| 740 ## - НОМЫН ГАРЧИГ | |
| Гарчиг | Offensive drills |
| 740 ## - НОМЫН ГАРЧИГ | |
| Гарчиг | Defensive drills |
| 740 ## - НОМЫН ГАРЧИГ | |
| Гарчиг | Games situation drills |
| 942 ## - ЭЛЕМЕНТИЙН ТӨРӨЛ | |
| Зүйлийн төрөл | Ном |
